00753nam a22002657a 450000500170000001000360001702000260005302000320007902000110011103500130012203500170013503500130015203500130016503700120017803700130019003700260020308200080022910000150023724500560025225000170030826000430032527000510036830000270041950000410044620190514103508.0 a1516EN07 ENG-114913 B-728298 a9789385401350c550.00 a9789385401350c595.00 (AV) c625.00 aEN-98445 aB-612927-954 aB-668024 aB-728298 bTechniz bDBAD/PUB bAksharesh Enterprises a339 aAhuja,H.L. aMacroeconomics: theory and policy /cby H.L. Ahuja  a20th rev.ed. aNew DelhibS.Chandc2015c2018 (repr.) a7361, Ram Nagar, Qutab RoadbNew Delhie110055 axvi, 936p.:c24cm(pbk) aBased mainly on UGC Model curriculum